Statistics for Singers and bands by picture

Click here to take the quiz!

General Stats

  • This quiz has been taken 103 times
  • The average score is 8 of 15

Answer Stats

Answer% Correct
Justin Timberlake
97%
Justin Bieber
97%
Rihanna
88%
Harry Styles
86%
Drake
81%
Usher
74%
Sam Smith
69%
Eminem
64%
Green Day
62%
Lil Pump
22%
Imagine Dragons
16%
Wiz khalifa
16%
Tony Hadley
14%
One Republic
12%
B.o.B
3%

Score Distribution

Percentile by Number Answered

Percent of People with Each Score

Your Score History

You have not taken this quiz